• 首页
  • 本馆介绍
  • 公告通知
  • 最新文献
  • 馆藏检索
  • 电子资源
  • 读者导购
  • 参考咨询
  • 我的图书馆
  • 登录
  • 详细信息显示
  • 放入我的书架
  • 预约/预借图书
  • 作者相关作品
  • 分类相关作品
  • 丛书相关作品
  • 出版社相关作品

书目信息

  • 表格格式
  • 工作单格式
  • 卡片格式
题名:
套利动机下矿产资源型国有企业对外直接投资决策研究
    
 
作者: 薛琰茹 著
分册:  
出版信息: 北京   中国经济出版社  2020
页数: 239页
开本: 24cm
丛书名:
单 册:
中图分类: F426.1
科图分类:
主题词: 矿产资源--kuang chan zi yuan--国有企业--对外投资--直接投资--研究--中国
电子资源:
ISBN: 978-7-5136-6251-2
000 01444nam0 2200241 450
001 2158039950
005 20211011172911.0
010    @a978-7-5136-6251-2@dCNY68.00
100    @a20200922d2020 em y0chiy0120 ea
101 0  @achi
102    @aCN@b110000
105    @ay z 000yy
106    @ar
200 1  @a套利动机下矿产资源型国有企业对外直接投资决策研究@Atao li dong ji xia kuang chan zi yuan xing guo you qi ye dui wai zhi jie tou zi jue ce yan jiu@f薛琰茹著
210    @a北京@c中国经济出版社@d2020
215    @a239页@d24cm
300    @a由河南科技大学博士科研启动金、河南省哲学社科规划项目“河南企业‘一带一路’价值链产能合作机制、风险与路径研究”资助出版
330    @a本书主要为三方面内容:一是分析矿产资源型国有企业海外投资现状及其海外投资的套利动机特征与行为。二是研究套利动机下矿产资源型国有企业对外投资决策机理,进行套利动机下对外投资风险识别研究,并在市场不确定性实物期权决策模型基础上,加入套利不确定性,构建多因素不确定性投资决策模型“企业价值最大化=实物期权+风险套利”;同时,以中国矿产资源型企业对外直接投资微观数据为样本,进行实证分析,研究套利动机下其投资决策规律及套利动机的影响机理。三是套利动机下对外投资有效监管研究,分别针对制度、期限、市场套利的情形进行讨论建立满足多元化特征和动态性特征的监管机制。
606 0  @a矿产资源@Akuang chan zi yuan@x国有企业@x对外投资@x直接投资@x研究@y中国
690    @aF426.1@v5
701  0 @a薛琰茹@Axue yan ru@4著
801  0 @aCN@b百万庄@c20211007
905    @b1307085-88@dF426.1@e202@f4
    
    套利动机下矿产资源型国有企业对外直接投资决策研究/薛琰茹著.-北京:中国经济出版社,2020
    239页;24cm
    由河南科技大学博士科研启动金、河南省哲学社科规划项目“河南企业‘一带一路’价值链产能合作机制、风险与路径研究”资助出版
    
    ISBN 978-7-5136-6251-2:CNY68.00
    本书主要为三方面内容:一是分析矿产资源型国有企业海外投资现状及其海外投资的套利动机特征与行为。二是研究套利动机下矿产资源型国有企业对外投资决策机理,进行套利动机下对外投资风险识别研究,并在市场不确定性实物期权决策模型基础上,加入套利不确定性,构建多因素不确定性投资决策模型“企业价值最大化=实物期权+风险套利”;同时,以中国矿产资源型企业对外直接投资微观数据为样本,进行实证分析,研究套利动机下其投资决策规律及套利动机的影响机理。三是套利动机下对外投资有效监管研究,分别针对制度、期限、市场套利的情形进行讨论建立满足多元化特征和动态性特征的监管机制。
●
相关链接 在E读中查询图书 在五车中查询图书 在当当中查询图书 在豆瓣中查询图书


正题名:套利动机下矿产资源型国有企业对外直接投资决策研究     索取号:F426.1/202         预约/预借

序号 登录号 条形码 馆藏地/架位号 状态 备注
1 1307085   213070852   第一样本阅览室/ [索取号:F426.1/202] 在馆    
2 1307086   213070861   第一借阅区/ [索取号:F426.1/202] 在馆    
3 1307087   213070870   第一借阅区/ [索取号:F426.1/202] 在馆    
4 1307088   213070889   第一借阅区/ [索取号:F426.1/202] 在馆    
唐山师范学院图书馆 欢迎您!
大连网信软件有限公司© 版权所有